<?xml version="1.0" encoding="UTF-8"?>
<record
    xmlns:xsi="http://www.w3.org/2001/XMLSchema-instance"
    xsi:schemaLocation="http://www.loc.gov/MARC21/slim http://www.loc.gov/standards/marcxml/schema/MARC21slim.xsd"
    xmlns="http://www.loc.gov/MARC21/slim">

  <leader>01029nam a22003495b 4500</leader>
  <controlfield tag="001"> 000469401</controlfield>
  <controlfield tag="003">DO-SdBNP</controlfield>
  <controlfield tag="005">20180221103421.0</controlfield>
  <controlfield tag="007"> 000469401</controlfield>
  <controlfield tag="008">960226s1993   sp a          ||| ||spa  </controlfield>
  <datafield tag="016" ind1="7" ind2=" ">
    <subfield code="a"> </subfield>
    <subfield code="2">BPMSU</subfield>
  </datafield>
  <datafield tag="017" ind1=" " ind2=" ">
    <subfield code="a"> </subfield>
    <subfield code="b"> </subfield>
  </datafield>
  <datafield tag="020" ind1=" " ind2=" ">
    <subfield code="a">8434837668</subfield>
  </datafield>
  <datafield tag="035" ind1=" " ind2=" ">
    <subfield code="a"> </subfield>
  </datafield>
  <datafield tag="040" ind1=" " ind2=" ">
    <subfield code="a">BPMSU</subfield>
    <subfield code="b">spa</subfield>
    <subfield code="c">BPMSU</subfield>
    <subfield code="e"> </subfield>
  </datafield>
  <datafield tag="041" ind1="1" ind2=" ">
    <subfield code="a">spa</subfield>
    <subfield code="h"> </subfield>
  </datafield>
  <datafield tag="080" ind1=" " ind2="0">
    <subfield code="a"> </subfield>
  </datafield>
  <datafield tag="100" ind1="1" ind2=" ">
    <subfield code="a">N&#xF6;stlinger, Christine</subfield>
    <subfield code="d">1936-</subfield>
  </datafield>
  <datafield tag="240" ind1="1" ind2="0">
    <subfield code="a">Mini mub in die Schule /</subfield>
    <subfield code="l">ale.</subfield>
  </datafield>
  <datafield tag="245" ind1="1" ind2="0">
    <subfield code="a">Mini va al colegio /</subfield>
    <subfield code="c">Christine N&#xF6;stlinger ; traduci&#xF3;n Carmen Bas ; ilustraciones, Christine N&#xF6;stlinger, jr.</subfield>
    <subfield code="h"> </subfield>
  </datafield>
  <datafield tag="250" ind1=" " ind2=" ">
    <subfield code="a">2&#xAA; ed.</subfield>
  </datafield>
  <datafield tag="260" ind1=" " ind2=" ">
    <subfield code="a">Madrid : </subfield>
    <subfield code="b">SM, </subfield>
    <subfield code="c">1993</subfield>
  </datafield>
  <datafield tag="300" ind1=" " ind2=" ">
    <subfield code="a">78 p. : </subfield>
    <subfield code="b">il., </subfield>
    <subfield code="c">19 cm</subfield>
  </datafield>
  <datafield tag="490" ind1="0" ind2=" ">
    <subfield code="a">El barco de vapor. </subfield>
    <subfield code="a">Serie azul</subfield>
    <subfield code="v">44</subfield>
  </datafield>
  <datafield tag="521" ind1=" " ind2=" ">
    <subfield code="a">A partir de 7 a&#xF1;os.</subfield>
  </datafield>
  <datafield tag="700" ind1=" " ind2=" ">
    <subfield code="a">Bas, Carmen </subfield>
    <subfield code="e">tr. </subfield>
  </datafield>
  <datafield tag="700" ind1=" " ind2=" ">
    <subfield code="a">N&#xF6;stlinger, Christine </subfield>
    <subfield code="e">il. </subfield>
  </datafield>
  <datafield tag="830" ind1=" " ind2="0">
    <subfield code="a">El barco de vapor.</subfield>
    <subfield code="p">Serie azul</subfield>
    <subfield code="v">44</subfield>
  </datafield>
  <datafield tag="942" ind1=" " ind2=" ">
    <subfield code="2">ddc</subfield>
    <subfield code="c">BK</subfield>
  </datafield>
  <datafield tag="945" ind1=" " ind2=" ">
    <subfield code="a">Inventariado, 2018/ YL</subfield>
  </datafield>
  <datafield tag="952" ind1=" " ind2=" ">
    <subfield code="0">0</subfield>
    <subfield code="1">0</subfield>
    <subfield code="2">ddc</subfield>
    <subfield code="4">0</subfield>
    <subfield code="7">0</subfield>
    <subfield code="8">CI-G</subfield>
    <subfield code="a">BPMET</subfield>
    <subfield code="b">BPMET</subfield>
    <subfield code="d">2016-04-06</subfield>
    <subfield code="e">FUNDI</subfield>
    <subfield code="l">0</subfield>
    <subfield code="p">BPMSU16040150</subfield>
    <subfield code="r">2016-04-06</subfield>
    <subfield code="w">2016-04-06</subfield>
    <subfield code="y">BK</subfield>
  </datafield>
  <datafield tag="956" ind1=" " ind2=" ">
    <subfield code="a">VMATEO</subfield>
    <subfield code="2">10</subfield>
    <subfield code="3">20160406</subfield>
    <subfield code="6">BPMSU</subfield>
    <subfield code="8">0069</subfield>
  </datafield>
  <datafield tag="999" ind1=" " ind2=" ">
    <subfield code="c">9582</subfield>
    <subfield code="d">9582</subfield>
  </datafield>
</record>
